000 00658nam a2200229Ia 4500
003 OSt
005 20220923230442.0
006 a|||||r|||| 00| 0
007 ta
008 Pun
024 _a282,070
037 _cTextual
040 _aARTS
_cARTS
_bPun
041 _2Pun
_aPun
082 _aO153,3N33:g, M5
100 _aਸੁਖਬੀਰ ਕੌਰ
_9156278
245 0 _aਗੁਰਦਿਆਲ ਸਿੰਘ ਦੇ ਨਾਵਲਾਂ ਬਿਚ ਆਂਚਲਿਕਤਾ
260 _c1985
650 _aਪੰਜਾਬੀ ਸਾਹਿਤ
942 _hO153,3N33:g, M5
_cTEXL
_2CC
999 _c384907
_d384907